000 00356pab a2200157 454500
008 180718b2011 xxu||||| |||| 00| 0 eng d
100 _aSharan, Shree Shankar
245 _aAnna's one-shot war on corruption
260 _c2011
300 _ap.7-8.
362 _a30 Apr
650 _aCorruption
773 _aMainstream
908 _aN
909 _a91269
999 _c91269
_d91269